00366nam a2200157Ia 4500001000500000005001700005008004100022041000800063082001800071100004400089245002200133260000900155300002800164650000800192654000800200339120260306145640.0260306t1998||||xx |||||||||||||| ||spa|| aESP a272bA32 1998 aAgustín, Santo, Obispo de HiponaeAUT 0aLa ciudad de Dios c1998 a625 páginas :c21 cm. aGEN aCHU